<?xml version="1.0" encoding="UTF-8"?>
<collection xmlns="http://www.loc.gov/MARC21/slim">
 <record>
  <leader>00477pamaa2200133   4500</leader>
  <controlfield tag="001">0000023729</controlfield>
  <controlfield tag="005">20061123090000.0</controlfield>
  <datafield tag="020" ind1="0" ind2="0">
   <subfield code="a">0389206652 </subfield>
  </datafield>
  <datafield tag="090" ind1="0" ind2="0">
   <subfield code="a">PR6023.A93 </subfield>
   <subfield code="b">SPI 1988</subfield>
  </datafield>
  <datafield tag="245" ind1="0" ind2="4">
   <subfield code="a">The SPIRIT of D. H. Lawrence  </subfield>
   <subfield code="c">edited by Gamini Salgado, G.K. Das; foreword by Raymond Williams.</subfield>
  </datafield>
  <datafield tag="260" ind1="0" ind2="0">
   <subfield code="a">Totowa: </subfield>
   <subfield code="b">Barnes &amp; Noble Books, </subfield>
   <subfield code="c">1988.</subfield>
  </datafield>
  <datafield tag="300" ind1=" " ind2=" ">
   <subfield code="a">xx, 335p.; </subfield>
   <subfield code="c">22cm.</subfield>
  </datafield>
  <datafield tag="650" ind1="0" ind2="0">
   <subfield code="a">Lawrence, D.H. (David Herbert), 1885-1930 -- </subfield>
   <subfield code="x">Criticism and interpretation </subfield>
  </datafield>
  <datafield tag="700" ind1="1" ind2="1">
   <subfield code="a">Salgado, </subfield>
   <subfield code="h">Gamini </subfield>
  </datafield>
 </record>
</collection>
